| 000 | 00703nam a2200205 a 4500 | ||
|---|---|---|---|
| 005 | 20240924065126.0 | ||
| 008 | 040520s2003 it r 000 0 eng d | ||
| 020 | _a9551049831 | ||
| 035 | _aUPN01000133894 | ||
| 049 | _aCG | ||
| 050 | 4 |
_aLC5146 _bE3.8 |
|
| 245 | 0 | 0 |
_aEducation for rural development : _btowards new policy responses / _ccoord. and ed. by David Atchoarena. |
| 260 |
_aItaly : _bFAO : _bUNESCO, International Institute for Educational Planning, _c2003. |
||
| 300 | _a406 p. | ||
| 650 | 4 |
_aEducación rural _99764 |
|
| 650 | 0 |
_aEducación _zPaíses en desarrollo _96575 |
|
| 650 | 4 |
_aEducación _xAspectos sociales _95311 |
|
| 700 | 1 |
_aAtchoarena, David, _ecoord. _928859 |
|
| 905 | _aLibro | ||
| 999 |
_c106045 _d106045 |
||